Nursery treatment efficacy study within Worcester County, Massachusetts, to support the Asian Longhorned Beetle Cooperative Eradication Program : environmental assessment, April 2010.

Bibliographic Details
Format: Government Document eBook
Language:English
Published: Riverdale, MD : United States Department of Agriculture, Marketing and Regulatory Programs, Animal and Plant Health Inspection Service, 2010.
Subjects:
Online Access:https://purl.fdlp.gov/GPO/gpo131578

MARC

Tag First Indicator Second Indicator Subfields
LEADER 00000cam a2200000 i 4500
001 in00004090313
005 20211120103908.0
006 m o d f
007 cr |||||||||||
008 200206s2010 mdub ob f000 0 eng c
035 |a (OCoLC)on1139521256 
042 |a pcc 
043 |a n-us-ma 
040 |a GPO  |b eng  |e rda  |e pn  |c GPO  |d MvI 
049 |a WWW 
074 |a 0030-A-31 (online) 
086 0 |a A 101.50:AS 4/6 
245 0 0 |a Nursery treatment efficacy study within Worcester County, Massachusetts, to support the Asian Longhorned Beetle Cooperative Eradication Program :  |b environmental assessment, April 2010. 
264 1 |a Riverdale, MD :  |b United States Department of Agriculture, Marketing and Regulatory Programs, Animal and Plant Health Inspection Service,  |c 2010. 
300 |a 1 online resource (24 pages) :  |b one color map 
336 |a text  |b txt  |2 rdacontent 
337 |a computer  |b c  |2 rdamedia 
338 |a online resource  |b cr  |2 rdacarrier 
504 |a Includes bibliographical references (page 21-24). 
588 |a Description based on online resource; title from PDF cover (APHIS, viewed January 28, 2020). 
650 0 |a Asian longhorned beetle  |x Control  |z Massachusetts  |z Worcester County. 
650 0 |a Hardwoods  |x Diseases and pests  |z Massachusetts  |z Worcester County. 
650 0 |a Insect pests  |x Control  |z Massachusetts  |z Worcester County. 
710 1 |a United States.  |b Animal and Plant Health Inspection Service.  |b Marketing and Regulatory Programs,  |e issuing body. 
856 4 0 |u https://purl.fdlp.gov/GPO/gpo131578  |t 0 
999 f f |s 7688885b-6f99-3636-999b-3f61a7fea8b9  |i a1c98f51-4e88-3d9c-b7c3-1f65367fecc4  |t 0 
952 f f |a Texas A&M University  |b College Station  |c Electronic Resources  |d Available Online  |t 0  |e A 101.50:AS 4/6  |h Superintendent of Documents classification 
998 f f |a A 101.50:AS 4/6  |t 0  |l Available Online